مكتبة جامعة عجلون الوطنية

فهرس بحث المكتبة

أثر مشاركة المعرفة على جودة أداء العاملين بالكليات الجامعية في جامعة البلقاء التطبيقية=The Impact of Knowledge Sharing on Employees' Performance Quality in Al-Balqa Applied University Colleges (Record no. 31326)

MARC details
000 -LEADER
fixed length control field 01269nam a2200241Ii 4500
003 - CONTROL NUMBER IDENTIFIER
control field JO-AjNU
005 - DATE AND TIME OF LATEST TRANSACTION
control field 20240624120225.0
008 - FIXED-LENGTH DATA ELEMENTS--GENERAL INFORMATION
fixed length control field 230605s9999||||xx |||||||||||||| ||und||
040 ## - CATALOGING SOURCE
Original cataloging agency JO-AjNU
Language of cataloging ara
Description conventions rda
Transcribing agency JO-AjNU
041 ## - LANGUAGE CODE
Language code of text/sound track or separate title ara
050 14 - LIBRARY OF CONGRESS CALL NUMBER
Classification number HF5549.2021
100 ## - MAIN ENTRY--PERSONAL NAME
Personal name القضاة، سامية قاسم سلامة
Relator term معد
9 (RLIN) 65543
245 00 - TITLE STATEMENT
Title أثر مشاركة المعرفة على جودة أداء العاملين بالكليات الجامعية في جامعة البلقاء التطبيقية=The Impact of Knowledge Sharing on Employees' Performance Quality in Al-Balqa Applied University Colleges
Statement of responsibility, etc. / اعداد سامية قاسم سلامة القضاة ؛ اشراف ياسر عيسى المومني
264 31 - PRODUCTION, PUBLICATION, DISTRIBUTION, MANUFACTURE, AND COPYRIGHT NOTICE
Place of production, publication, distribution, manufacture 2021
300 ## - PHYSICAL DESCRIPTION
Extent 81 ورقة
336 ## - CONTENT TYPE
Content type term text
Content type code txt
Source rdacontent
337 ## - MEDIA TYPE
Media type term unmediated
Media type code n
Source rdamedia
338 ## - CARRIER TYPE
Carrier type term volume
Carrier type code nc
Source rdacarrier
500 ## - GENERAL NOTE
General note رسالة جامعية ( اطروحة ماجستير) جامعة عجلون الوطنية: كلية ادارة الاعمال ، ادارة الاعمال،2021
650 #4 - SUBJECT ADDED ENTRY--TOPICAL TERM
Topical term or geographic name entry element اداء العاملين-الكليات الجامعية-جامعة البلقاء
9 (RLIN) 61413
700 ## - ADDED ENTRY--PERSONAL NAME
Personal name ياسر عيسى محمود المومني
Relator term مشرف
9 (RLIN) 65263
942 ## - ADDED ENTRY ELEMENTS (KOHA)
Source of classification or shelving scheme Library of Congress Classification
Koha item type Thesis
Holdings
Withdrawn status Lost status Source of classification or shelving scheme Damaged status Not for loan Home library Current library Shelving location Date acquired Total Checkouts Full call number Barcode Date last seen Price effective from Koha item type
    Library of Congress Classification     مكتبة جامعة عجلون الوطنية مكتبة جامعة عجلون الوطنية المراجع 06/06/2023   HF5549.2021 A27758 06/06/2023 24/06/2024 Thesis
    Library of Congress Classification     مكتبة جامعة عجلون الوطنية مكتبة جامعة عجلون الوطنية   24/06/2024   HF5549.2021 a27757 24/06/2024 24/06/2024 Thesis